| 000 | 00493nam a2200181 a 4500 | ||
|---|---|---|---|
| 001 | 1940858 | ||
| 005 | 20250428150701.0 | ||
| 008 | 860612s1986 onca b 001 0 eng | ||
| 020 | _a0409814199 (pbk.) | ||
| 050 | 0 | 0 |
_aHC115 _b.B774 1986 |
| 082 | 0 | 0 |
_a338.971 _219 |
| 100 | 1 | _aBryan, Ingrid A. | |
| 245 | 1 | 0 |
_aEconomic policies in Canada / _cIngrid A. Bryan. |
| 250 | _a2nd ed. | ||
| 260 |
_aToronto : _bButterworths, _cc1986. |
||
| 300 |
_axi, 309 p. : _bill. ; _c23 cm. |
||
| 942 |
_2lcc _cBK _n0 |
||
| 999 |
_c5574 _d5574 |
||